|
|
|
|
| LEADER |
00000nab a2200000uu 4500 |
| 001 |
vtls011510076 |
| 003 |
SK-MaSNL |
| 005 |
20260305021515.0 |
| 008 |
230704|1929 xo |||||||||||||||||slo| |
| 015 |
|
|
|a SNBRB
|
| 035 |
|
|
|a (urnnbn)urn:nbn:sk:snk:ar-000gir
|
| 035 |
|
|
|a (uuid)01a9f714-1b5a-4d79-b233-415ce91ce029
|
| 035 |
|
|
|a urn:nbn:sk:snk-abe10g
|
| 040 |
|
|
|a SNKBUCL
|b slo
|c SNKBUCL
|e AACR2
|
| 041 |
0 |
|
|a slo
|
| 044 |
|
|
|a xo
|c SK
|
| 100 |
1 |
|
|a Štefánik, Igor Branislav,
|d 1873-1940
|4 aut
|9 264300
|
| 245 |
1 |
0 |
|a Rod Milana Rastislava Štefánika
|c Igor Branko Štefánik
|
| 600 |
1 |
7 |
|a Štefánik, Milan Rastislav,
|d 1880-1919
|2 SNKMA
|9 86219
|
| 600 |
3 |
7 |
|a Štefánik (rodina)
|2 SNKMA
|9 606296
|
| 773 |
0 |
|
|t Slovenské pohľady
|g Roč. 45, č. 6 - 8 (1929), s. 500-502
|
| 850 |
|
|
|a Slovenská národná knižnica
|
| 852 |
|
|
|a Slovenská národná knižnica
|
| 954 |
|
|
|a odborná, vedecká literatúra pôvodná (slovenská)
|2 lita
|
| 958 |
|
|
|a ONDV
|
| 958 |
|
|
|a article21
|
| 999 |
|
|
|c 3286492
|d 3288422
|